000 00430cam a22001337a 4500
008 180718b1965 xxu||||| |||| 00| 0 eng d
082 _aA81x54 In2/61/4/Pt2B/2
100 _aCensus of India 1961
245 _aBihar: general economic tables
260 _aDelhi
_bThe Manager of Publications
_c1965
300 _a545+p.
440 _aCensus of India 1961. Volume IV, Bihar. Part II-B (ii)
500 _aTables B-V, B-VI, B-VII & B-IX
999 _c483899
_d483899